000 00299nam a22001217a 4500
020 _a9780367656317
040 _cNUST
082 _a006.45
_bHIL
100 _aHill, Paul R
_983606
245 _aAudio and Speech Processing With Matlab
260 _aBoca Raton:
_bCRC Press,
_c2019.
942 _2ddc
_cBK
999 _c586627
_d586627